|
|
|
|
| LEADER |
01074nam a2200349 4500 |
| 001 |
DLU090096079 |
| 005 |
##20091201 |
| 040 |
# |
# |
|a DLU
|b eng
|
| 041 |
# |
# |
|a eng
|
| 044 |
# |
# |
|a us
|
| 100 |
# |
# |
|a Fries, M. R.
|
| 245 |
# |
# |
|a Phenol- and toluene-degrading microbial populations from an aquifer in which successful trichloroethene cometabolism occurred /
|c M. R. Fries, L. J. Forney, J. M. Tiedje.
|
| 653 |
# |
# |
|a Aquifers
|
| 653 |
# |
# |
|a Bacteria
|
| 653 |
# |
# |
|a Biological purification
|
| 653 |
# |
# |
|a Cometabolism
|
| 653 |
# |
# |
|a Freshwater environment
|
| 653 |
# |
# |
|a Pollutants
|
| 653 |
# |
# |
|a Toluene
|
| 653 |
# |
# |
|a Water pollution
|
| 700 |
# |
# |
|a Forney, L. J.
|
| 700 |
# |
# |
|a Tiedje, J. M.
|
| 773 |
# |
# |
|t Applied and Environmental Microbiology
|g Vol. 63, no. 4 (April 1997), p. 1523-1530
|
| 920 |
# |
# |
|a Phòng Tạp chí -- Trung tâm Thông tin - Thư viện Trường Đại học Đà Lạt
|
| 994 |
# |
# |
|a DLU
|
| 900 |
# |
# |
|a True
|
| 911 |
# |
# |
|a Trương Bảo Trâm Anh
|
| 925 |
# |
# |
|a G
|
| 926 |
# |
# |
|a A
|
| 927 |
# |
# |
|a BB
|
| 980 |
# |
# |
|a Thư viện Trường Đại học Đà Lạt
|